'E' Books by Cover Quiz Stats

 Plays Quiz Updated Jul 7, 2016

Also try: 'D' Books by Cover
Challenge
Share
Tweet
Score 0/15 Timer 05:00
1 Play Today
Book % Correct
Eragon
74.2%
Emma
72.6%
Eclipse
62.4%
East of Eden
54.7%
Ender's Game
53.2%
Eggs
47.9%
Eloise
29.1%
Everyone Poops
28.1%
Book % Correct
Ella Enchanted
27.6%
Ethan Frome
24.2%
Extremely Loud and Incredibly Close
20.1%
Encyclopedia Brown
15.9%
The English Patient
14.4%
E is for Evidence
13.2%
Enduring Love
8.6%

You're not logged in!

Compare scores with friends on all Sporcle quizzes.
OR
Log In

You Might Also Like...

Show Comments

Extras

Top Quizzes Today


Score Distribution

Your Account Isn't Verified!

In order to create a playlist on Sporcle, you need to verify the email address you used during registration. Go to your Sporcle Settings to finish the process.

Report this User

Report this user for behavior that violates our Community Guidelines.

Details: